| 000 | 01205nam a22002891 4500 | ||
|---|---|---|---|
| 001 | sa 68020837 | ||
| 003 | DLC | ||
| 005 | 20260227112727.0 | ||
| 008 | 910123m19539999ii 00010 sano | ||
| 010 | _asa 68020837 //r91 | ||
| 025 | _aI-T-1937 | ||
| 040 |
_aDLC _cDLC |
||
| 041 | 0 | _asantam | |
| 050 | 0 | 0 |
_aBL1219 _b.S67 1953 |
| 100 | 1 | 0 |
_aŚrīnivāsayyaṅkār, Ki., _d1897-1953. |
| 245 | 1 | 0 |
_aViṣṇucittavijayam. _cIyar̲r̲iyavarkaḷ Ki. Śrīnivāsayyaṅkār Svāmi [mar̲r̲um] Śrī Kiruṣṇasvāmi Ayyaṅkār. |
| 260 | 0 |
_aTirucci, _bKiṭaikkumiṭam S. Kiruṣṇasvāmi Ayyaṅkār, _c[1953-<1980 >] |
|
| 300 |
_a<v. 1, pts. 1-2; v. 2, pt. 1; in 3 > ; _c23 cm. |
||
| 500 | _aSanskrit and Tamil; quotations in Sanskrit. | ||
| 500 | _aVols. 1, pt. 2-<v. 2, pt. 1 > prepared by S. Kiruṣṇasvāmi Ayyaṅkār. | ||
| 500 | _aVols. 1, pt. 2-<v. 2, pt. 1 > have title: Śrī Viṣṇucitta vijayam. | ||
| 500 | _aVol. 1, pt. 2-<v. 2, pt. 1 >: 2. patippu. | ||
| 500 | _aVol. 2, pt. 2: "Śrī Vaiṣṇava sutarcan̲am veḷiyīṭu." | ||
| 650 | 0 | _aVishnu (Hindu deity) | |
| 700 | 2 | 0 |
_aKrishnaswami Iyengar, Srinivasa, _d1924- |
| 740 | 0 | 1 | _aŚrī Viṣṇucitta vijayam. |
| 999 |
_c89603 _d89603 |
||